000 005520000a22001810004500
003 MACL
005 20160317125847.0
008 160317b xxu||||| |||| 00| 0 eng d
040 _aMACL
_cMACL
041 _aHindi
082 _a954
100 _aआचार्य पदुमलाल पुन्‍नालाल बख्‍शी
_946893
245 _aमेरा देश
260 _bदिल्‍ली पुस्‍तक सदन
_aदिल्‍ली
350 _a3.25
650 _aHistory
_946894
942 _cHIN
_k954
_2ddc
999 _c25462
_d25462